| 000 | 01139cam a22003493a 4500 | ||
|---|---|---|---|
| 001 | 16697011 | ||
| 003 | OSt | ||
| 005 | 20140310181648.0 | ||
| 008 | 920629s1992 nyu 000 1 eng d | ||
| 010 | _a 2010714572 | ||
| 020 | _a0671731254 | ||
| 035 | _a(OCoLC)ocm26103368 | ||
| 035 | _a(OCoLC)26103368 | ||
| 040 |
_aJJG _cJJG _dSLC _dOCL _dOCLCQ _dBAKER _dBTCTA _dVVW _dO3Y _dDLC |
||
| 042 | _alccopycat | ||
| 050 | 0 | 0 |
_aPZ 8 _b.K26 1992 |
| 082 |
_aKF _bK25nds 1992 |
||
| 100 | 1 |
_aKeene, Carolyn. _94653 |
|
| 245 | 1 | 0 |
_aA Nancy Drew and Hardy boys super mystery : _cCarolyn Keene. _bspies and lies / |
| 260 |
_aNew York : _bPocket Books, _cc1992. |
||
| 300 |
_a218 p. _c18 cm. |
||
| 541 | _j1 | ||
| 562 | _e1 | ||
| 650 | 0 |
_aMystery stories _95221 |
|
| 655 | 7 |
_aMystery fiction. _2gsafd _94089 |
|
| 655 | 7 |
_aYoung adult fiction. _2lcsh _93735 |
|
| 710 | 2 |
_aCopyright Paperback Collection (Library of Congress) _5DLC _9705 |
|
| 800 | 1 |
_aKeene, Carolyn. _tNancy Drew & Hardy boys super mystery. _95222 |
|
| 906 |
_a7 _bcbc _ccopycat _d2 _encip _f20 _gy-genrareb |
||
| 942 |
_2lcc _cBK-KF _kKF |
||
| 999 |
_c942 _d942 |
||